000 00686nam a2200229 i 4500
001 9314
003 ES-MaACL
005 20250824212229.0
008 930804s1987 sp |||| | spa d
020 _a84-86568-15-3
080 _a177.6
100 1 _aHernáiz Blázquez, Juan Ignacio.
_962773
245 1 0 _aSociología del amor /
_cJuan Ignacio Hernáiz.
250 _a1ª ed.
260 _aMadrid :
_bPrensa y Ediciones Iberoamericanas,
_c1987.
300 _a94 p. ;
_c18 cm.
490 1 _aLos Libros de doña Berta ;
_v12
650 7 _aAmor
_2embne
_99754
830 0 4 _aLos libros de doña Berta
_v12
_9178268
852 _aES-MaACL
_jL-16968
999 _c9314
_d9314